Entry Nombre personal
001 - NÚMERO DE CONTROL
- campo de control: 18146
003 - IDENTIFICADOR DE NÚMERO DE CONTROL
- campo de control: SpMaBN
005 - FECHA Y HORA DE LA ÚLTIMA TRANSACCIÓN
- campo de control: 20230618164302.0
008 - ELEMENTOS DE DATO DE LONGITUD-FIJA
- campo de control de longitud fija: 910101nn ainnnaabn n aaa
016 ## - NÚMERO DE CONTROL DE UNA AGENCIA BIBLIOGRÁFICA NACIONAL
- Número de control del registro: BNE19960812540
040 ## - FUENTE DE CATALOGACIÓN
- Centro catalogador/agencia de origen: SpMaBN
- Lengua de catalogación: spa
- Centro/agencia transcriptor: SpMaBN
- Normas de descripción: rdc
- Convención/Normas de encabezamiento de materia/tesauro: embne
- Centro/agencia modificador: ES-MaACL
046 ## - FECHAS CON CODIFICACIÓN ESPECIAL
- Fecha de nacimiento: 1867
- Fecha de la muerte: 1946
100 1# - ENCABEZAMIENTO-NOMBRE DE PERSONA
- Nombre de persona: Abras y Xifra, Eduardo,
- Fechas asociadas al nombre: 1867-1946
370 ## - LUGAR ASOCIADO
- Lugar de nacimiento: España
374 ## - OCUPACIÓN
- Ocupación: Farmacéuticos
375 ## - GÉNERO/SEXO
- Género: Masculino
377 ## - IDIOMA ASOCIADO
- Término de lengua/lenguaje: Español
670 ## - FUENTE DE DATOS ENCONTRADOS
- Cita de la fuente: Estudio farmacológico de la hoja de coca, 1907;
- Información encontrada: portada (Don Eduardo Abras y Xifra, doctor en Farmacia)
670 ## - FUENTE DE DATOS ENCONTRADOS
- Cita de la fuente: Biblioteca Digital Real Academia de Medicina;
- Información encontrada: (Abras Xifra, Eduardo 1867-1946)
- Identificador Uniforme de Recursos: http://bibliotecavirtual.ranm.es/ranm/es/consulta/busqueda_ref erencia.cmd?campo=idautor&idValor=2818
670 ## - FUENTE DE DATOS ENCONTRADOS
- Cita de la fuente: WWW Bn España aut., 18-6-2023
- Información encontrada: (Abras y Xifra, Eduardo, 1867-1946)
955 ## - CATALOGADOR - EDICIÓN
- Nombre del catalogador: Julia Mas Vieira
